02333nam a2200325 i 4500003000900000005001700009006001900026007000300045008004100048040003000089082002900119100005600148245006600204250004400270264004800314300007900362336002700441337003300468338002800501500020800529505078100737590002701518650003101545650002801576651005401604942001401658952016701672952015101839999001701990DO-SdBNP20260114121206.0a||||dr|||| 00| 0 ta230927e1992 dr aodb| |||| 00| 0 spa d aDO-SdBNPbspacBNPHUerda 4222a370.114bA445e, 19921 aAlmanzar G., José Nicolás,d1935-eautor93776910aEducación moral y cívica. /cJosé Nicolás Almánzar. a12a. edición, aumentada y actualizada 1a[Santo Domingo] :b[no identificado],c1992 a200 páginas :bIlustraciones, fotografías, gráficas, mapas ;c27 cm. 2rdacontentatextobtxt 2rdamediaasin mediaciónbn 2rdacarrieravolumenbnc aDeclarado como libro de texto por el Consejo Nacional de Educación mediante Resolución no. 175 en mayo de 1975. Ganó en 1975 el Premio Nacional de didáctica "Manuel de Jesús Peña y Reinoso". aDedicatoria.-- Nuestra intensión.tUnidad No. 1. La Sociedad.-- Unidad No. 2. Derechos y Deberes Ciudadanos.-- Unidad No. 3. Régimen Municipal, Provincial y Nacional.-- Unidad No. 4. Moral y Religión.-- Unidad No. 5. Gobierno y Soberanía.-- Unidad No. 6 El Poder.-- Unidad No. 7 el Poder Legislativo.-- Unidad No. 8 El Poder Judicial.-- Unidad No. 9. Sistemas Penitenciarios.-- Unidad No. 10 La Constitución del Estado.-- Unidad No. 11 el Poder Electoral y el Poder de la Prensa.-- Unidad No. 12 La Administración Pública.-- Unidad No. 13 El Trabajo.-- tUnidad No. 14 Organismos Internacionales.-- Unidad No. 15 Reformas Constitucionales.-- Unidad No. 16 Elecciones Generales de 1978 y Reformas Constitucionales.-- Unidad No. 17 Elecciones Generales de 1982. aInventariado 2023 / MF 0aEducación cívica91206 0aEducación moral91607 0aRepública DominicanaxPolítica y gobierno945 2ddccLBS1 00102ddc51708PDaBNPHUbBNPHUcCTd2021-12-16eDonado por el Colegio Nuestra Sra. de Lourdesl0o370.114 A445e, 1992p2023-6497r2023-09-27w2023-09-27yLBS1 00102ddc51708PDaBNPHUbBNPHUcCTd2014-12-16eDonado por Barbara Suncarl0o370.114 A445e, 1992p2023-6498r2023-09-27te.2w2023-09-27yLBS1 c54980d54980